000 00322nam a22001217a 4500
008 180426b xxu||||| |||| 00| 0 eng d
041 _aeng
080 _a043 3
100 _a0
101 _ashki
245 _aQoS analiza për monitorimin e ambientit të serrës përmes Zigbee Teknologjisë
_cBlerona,C
942 _2udc
_cBK
999 _c45606
_d45606